[Event "Women-Veterans"]
[Site "London"]
[Date "1996.??.??"]
[Round "2"]
[White "Arakhamia Grant, Ketevan"]
[Black "Taimanov, Mark E"]
[Result "1-0"]
[WhiteElo "2455"]
[BlackElo "2470"]
[Annotator "Ribli,Z"]
[PlyCount "83"]
[EventDate "1996.08.15"]
[EventType "schev"]
[EventRounds "5"]
[EventCountry "ENG"]
[SourceTitle "CBM 055"]
[Source "ChessBase"]
[SourceDate "1996.12.01"]
[SourceVersion "1"]
[SourceVersionDate "1996.12.01"]
[SourceQuality "1"]

1. e4 c5 2. Nf3 e6 3. d4 cxd4 4. Nxd4 Nc6 5. Nc3 a6 6. Nxc6 bxc6 7. Bd3 d5 8.
O-O Nf6 9. Re1 (9. Qe2 Be7 10. b3 O-O 11. Bb2 Nd7 (11... a5 12. Rad1 Qc7 13.
Na4 Bb7 14. c4 $14 {Smyslov - Hansen,Cu.Biel 1993.}) (11... c5 $5 12. Rad1 Bb7
13. Rfe1 Re8 14. Na4 Bc6 15. Bxf6 $1 $14 {Chomet,P-Taimanov,M/St.
Petersburg-Paris/1996/EXP51/}) 12. Na4 Bf6 $6 13. e5 Be7 14. c4 a5 15. cxd5
cxd5 16. Rac1 Nb6 17. Nc5 $16 {David Al.-Tajmanov,M/Prague /1993/}) 9... Be7 (
9... Bb7 $5 10. b3 (10. Bg5 Be7 11. e5 Nd7 12. Bxe7 Qxe7 13. Qg4 O-O 14. Na4 f5
$15 {Hazai-Suetin,Leipzig,1986.}) (10. e5 Nd7 11. Na4 Qc7 12. Bf4 Be7 13. c4
dxc4 14. Bxc4 c5 15. Qb3 Rb8 16. Qg3 g5 $132 {Brendel,O-Schaefer,Ma/BL9596/}) (
10. Bd2 Be7 11. e5 Nd7 12. Qg4 g6 13. Na4 c5 14. b3 Qc7 $13 {Adams,M-Morovic,I/
Las Palmas/1994/})) 10. e5 Nd7 11. Qg4 g6 (11... Kf8 12. b3 (12. Bd2 h5 13. Qf3
Kg8 14. Na4 Bg5 15. Qe2 Bxd2 16. Qxd2 g6 17. Rac1 $14 {Horvath,J.-Van Mil,1989
Budapest.}) (12. Bd2 Nc5 13. Na4 h5 14. Qd4 Nxa4 15. Qxa4 c5 16. c4 g6 17. Rad1
$14 {Rogers,I-Razuvaev,Y/Tilburg/1993/}) 12... a5 13. Na4 Nb6 14. Re3 Nxa4 15.
Rg3 g6 16. Bh6+ Ke8 17. Qxa4) 12. Bh6 (12. b3) 12... Bf8 (12... Rb8 13. Qh3
Rxb2 $5 (13... Rg8) 14. Bg7 Rg8 15. Qxh7 Rxg7 16. Qxg7 Bb4 17. Re3 $13 {
Martinez-Lebredo 1990.}) 13. Bxf8 Kxf8 14. Na4 (14. h4 Rb8 15. Na4 c5 16. b3
Rg8 17. c3 h5 18. Qf4 g5 $132 {Bezgodov,A-Taimanov,M/St.Petersburg Chigorin/
1995/}) 14... a5 (14... Kg7 15. c4 Rb8 16. b3 Qe7 17. Rac1 Nb6 18. Nxb6 Rxb6
19. h4 h5 20. Qf4 a5 21. Re3 Rb4 22. Rg3 $40 {Gallegher,J-Rufener,M/Bern op/
1994/}) 15. b3 (15. Rac1) 15... Ba6 16. c4 Kg7 {Ribli.Diese Stellung erinnert
mich an die Franzoesische Verteidigung. Schwarz loeste die Entwicklung des
sogenannten "schlechten" Laeufers, und seine Bauernstruktur ist sehr solide.}
17. Rac1 h5 (17... Qe7) 18. Qd4 Qb8 19. h4 Rd8 20. Qf4 Qb4 21. Re3 (21. Nc3) (
21. Red1) 21... Qd2 22. Rc2 (22. Ra1 $2 Rab8) 22... Qd1+ 23. Kh2 dxc4 (23...
Rab8 $5 24. Rf3) 24. bxc4 Qg4 $2 (24... Rab8) (24... Qa1 25. Nc3 Rab8) 25. Qxg4
hxg4 26. Be2 $1 $14 {Ribli. Schwarz hat fuer den Damentausch viel Zeit
investiert. Letztendlich ist das gut fuer Weiss!} Rh8 27. Rd2 (27. Kg3 $2 Rh5
$10 {Ribli. Es waere gut fuer Schwarz, den g4 Bauern fuer den e5-Bauern zu
geben.}) 27... Bc8 $16 28. Bxg4 Rxh4+ 29. Kg3 g5 30. Rd6 c5 (30... Ra6 31. Re1
c5) 31. Rc6 Rb8 32. Nxc5 Nxc5 33. Rxc5 Rh8 34. Rxa5 $18 Rd8 35. Ra7 (35. Rc3)
35... Rd4 36. Rb3 Rxb3+ 37. axb3 Rd3+ 38. f3 Rxb3 39. Rc7 Rb8 (39... Ba6 40.
Bxe6 $18) 40. Bh5 Ba6 41. Bxf7 Rc8 42. Ra7 {Ribli.Schwarz gab in
hoffnungsloser Stellung auf.} 1-0

[Event "Women-Veterans"]
[Site "London"]
[Date "1996.??.??"]
[Round "8"]
[White "Polgar, Sofia"]
[Black "Taimanov, Mark E"]
[Result "0-1"]
[WhiteElo "2480"]
[BlackElo "2470"]
[Annotator "Ribli,Z"]
[PlyCount "68"]
[EventDate "1996.08.15"]
[EventType "schev"]
[EventRounds "5"]
[EventCountry "ENG"]
[SourceTitle "CBM 055"]
[Source "ChessBase"]
[SourceDate "1996.12.01"]
[SourceVersion "1"]
[SourceVersionDate "1996.12.01"]
[SourceQuality "1"]

1. e4 c5 2. Nf3 e6 3. d4 cxd4 4. Nxd4 Nc6 5. Nc3 a6 6. Be3 Nxd4 (6... Nge7 7.
Nb3 $5 (7. Be2 Nxd4 8. Qxd4 b5 9. O-O Nc6 10. Qd2 Be7 11. f4 Bb7 12. Rad1 Rc8 {
Wolski-Taimanov,Copenhagen,1996.})) 7. Qxd4 Ne7 8. f4 b5 9. O-O-O (9. Qb6 Qxb6
10. Bxb6 Bb7 11. Bd3 Rc8 12. O-O Nc6 13. a3 Be7 14. Rad1 b4 15. Nb1 g5 $5 16.
f5 bxa3 17. bxa3 Ne5 $13 {Hoiberg,N-Taimanov,M/Copenhagen/1996/CBM54/}) 9...
Nc6 10. Qd2 Be7 11. Qf2 (11. Be2 Qa5 12. e5 b4 13. Ne4 Qxa2 $17 {Martin -
Taimanov,Montilla,1977.}) (11. g4 Bb7 12. Rg1 Rc8 13. Kb1 Na5 14. Qd4 O-O 15.
e5 Bc5 16. Qd3 Qb6 17. Bxc5 Qxc5 18. Bg2 Bxg2 19. Rxg2 Nc4 20. Ne4 $14 {
Xie Jun-Taimanov,M/London Wom-Vet (10)/1996/CBM55/}) (11. Bd3 Bb7 12. Qf2 d6
13. Kb1 Qc7 14. h4 Rc8 15. Bb6 Qb8 16. Rh3 $36 {Tolnai,T-Felsberger,A/Velden
op/1994/}) 11... Bb7 (11... O-O $6 12. Bb6 Qe8) 12. g4 $6 {Ribli.Ich glaube,
dieser Zug zielt in die Luft. Weiss hat keine realen Angriffschancen am
Koenigsfluegel.} O-O $5 13. Bg2 Qc8 (13... Rc8 $6 14. Bb6) (13... Qa5 $4 14.
Bb6 $18) (13... Rb8 $5) 14. Bc5 (14. Kb1 {Dieser profilaktische Zug ist
praktisch immer gut in solchen Stellungen.Die Partiefortsetzung legt die
Karten zu frueh auf den Tisch.}) 14... Bxc5 15. Qxc5 Na5 $1 $10 {Ribli.Auf dem
ersten Blick scheint die schwarze Stellung voller Loecher, besonders auf den
schwarzen Feldern. Aber die Wahrheit ist, dass Schwarz seine einzige reale
Schwaeche -Bauer d7- leicht decken und trotz reduziertem Material ein sehr
gefaehrliches Zusammenspiel organisieren kann.} 16. Qxc8 (16. Qd6 Rd8 (16...
Bc6)) 16... Bxc8 17. Rd3 (17. Rd6 Nc4) (17. e5 $5 Ra7 18. Ne4) 17... Ra7 18.
Rhd1 Rc7 19. b3 (19. e5 f6 20. exf6 Rxf6 $132) 19... f6 20. h4 {Ribli.Weiss
verteidigt sich gegen g7-g5.} Nc6 21. a4 $2 {Ribli.Ungeduld.Nach 21.Kb2 steht
Weiss keineswegs schlechter.} Nb4 $15 22. Rh3 bxa4 23. bxa4 Bb7 {Ribli.Dank
des Zuges 21.a4? gerät Weiss mit seinem Koenig in Schwierigkeiten.} 24. Rd4 a5
25. Bf1 Rfc8 26. Kb2 d5 $1 $17 {Ribli. Stufenweise uebernimmt Schwarz das
Kommando.} 27. exd5 Nxd5 28. Nb5 Rxc2+ 29. Kb3 Nxf4 $19 30. Rc3 R2xc3+ 31. Nxc3
Nd5 32. Ne4 Ne3 33. Nd6 Rd8 34. Bc4 (34. Bb5 Bd5+ $19) 34... Bd5 {Ribli} 0-1

[Event "Belgrade GMA op"]
[Site "Belgrade"]
[Date "1988.??.??"]
[Round "?"]
[White "Anand, Viswanathan"]
[Black "Krnic, Zdenko"]
[Result "1-0"]
[WhiteElo "2555"]
[BlackElo "2430"]
[Annotator "Ribli,Z"]
[PlyCount "93"]
[EventDate "1988.12.??"]
[EventType "swiss"]
[EventRounds "9"]
[EventCountry "YUG"]
[SourceTitle "TD"]
[Source "ChessBase"]
[SourceDate "1994.03.01"]
[SourceVersion "1"]
[SourceVersionDate "1994.03.01"]
[SourceQuality "1"]

1. e4 c5 2. Nf3 e6 3. d4 cxd4 4. Nxd4 Nc6 5. Nc3 a6 6. Nxc6 bxc6 7. Bd3 d6 8.
O-O Nf6 9. f4 e5 10. Qe1 Be7 11. fxe5 $6 dxe5 12. Qg3 Ng4 $1 13. h3 Qd4+ 14.
Kh1 h5 15. Nd1 Be6 16. Nf2 h4 (16... Nxf2+ 17. Rxf2 g5 $15) 17. Qf3 Nxf2+ (
17... Nf6 $15) 18. Rxf2 g5 19. c3 Qd7 $13 20. Be2 a5 21. Be3 a4 22. Rff1 Qb7
23. b3 Rh7 24. Rab1 Kf8 25. Bc4 Qc8 26. Bxe6 Qxe6 27. bxa4 Rxa4 28. Rb8+ Kg7
29. Re8 Rh8 30. Rxe7 Qxe7 31. Bxg5 Qe6 32. Bf6+ Kg8 33. Bxh8 Kxh8 34. Qh5+ Kg7
35. Qg5+ Kf8 36. Rd1 Ra8 37. Qxh4 Re8 38. a4 Kg7 39. a5 Qg6 40. a6 Ra8 41. Rd3
Qh6 42. Rg3+ Kh7 43. Qg4 Kh8 44. Qf5 f6 45. a7 c5 46. Qd7 Qh7 47. Qc6 1-0

[Event "Comtois Masters 5th"]
[Site "Belfort"]
[Date "2002.07.02"]
[Round "5"]
[White "Hamdouchi, Hicham"]
[Black "Tregubov, Pavel V"]
[Result "1-0"]
[WhiteElo "2570"]
[BlackElo "2627"]
[Annotator "Ribli,Z"]
[PlyCount "67"]
[EventDate "2002.06.27"]
[EventType "tourn"]
[EventRounds "10"]
[EventCountry "FRA"]
[EventCategory "14"]
[SourceTitle "CBM 090"]
[Source "ChessBase"]
[SourceDate "2002.09.20"]
[SourceVersion "1"]
[SourceVersionDate "2002.09.20"]
[SourceQuality "1"]

1. e4 c5 2. Nc3 e6 3. Nf3 Nc6 4. d4 cxd4 5. Nxd4 a6 6. Nxc6 {Das ist eine
chancenreiche Fortsetzung für Weiß, aber 6.Be3 ist auch möglich.} bxc6 7. Bd3
d5 8. O-O Nf6 9. Qe2 Be7 10. Na4 {[%cal Gc2c4] Mit diesem Zug bereitet Weiß 11.
c4 vor, wonach er am Damenflügel aktiv spielen kann.} O-O (10... dxe4 11. Bxe4
Nxe4 12. Qxe4 $14 {Schwarz hat zwar das Läuferpaar, aber seine Läufer stehen
wenig aktiv, und die weiße Bauernstruktur ist besser.}) 11. c4 dxc4 $6 $146 {
[%mdl 16384] Dieser Zug gefällt mir nicht - Schwarz - von selbst -
verschlechtert seine Bauernstellung. Es wäre viel natürlicher die Alternative
- 11...Bb7 - ziehen.} (11... Bb7 12. Rd1 Qc7 (12... Qa5 13. b3 Rfe8 14. Bb2
Rac8 15. Rac1 h6 16. Bb1 Rcd8 17. Bc3 Qc7 18. e5 Nd7 19. cxd5 cxd5 20. Qd3 Nf8
{1/2-1/2 Weinzettl,E-Felsberger,A/Austria 1987/EXT 97 (45)}) 13. Bg5 (13. c5
Nd7 14. Qc2 d4 15. f4 e5 16. f5 a5 17. b3 Ba6 18. Bxa6 Rxa6 19. Ba3 Rb8 20. Nb2
Rb5 21. Nd3 {1-0 Zagrebelny,S-Saltaev,M/Tashkent 1992/EXT 97 (40)}) 13... dxe4
14. Bxe4 Rad8 15. Bc2 c5 16. Bh4 Bc6 17. Bg3 {1/2-1/2 Stefansson,H-Andersson,U/
Istanbul 2000/EXT 2001 (17)}) (11... Qa5 12. b3 dxc4 13. Bxc4 Qe5 14. Be3 Qxe4
15. Nb6 Rb8 16. Nxc8 Rfxc8 17. Bxa6 {1/2-1/2 Tiitta,S-Nokso Koivisto,A/FIN
2002/The Week in Chess 384 (51)}) 12. Bxc4 $14 {Weiß hat Raumvorteil und eine
gesunde Stellung.} Bb7 13. Rd1 Qc7 14. Be3 (14. e5 $6 Nd5 $132 {[%csl Gd5]} (
14... Nd7 15. f4 $14)) (14. f3 $6 Bd6 $11) 14... c5 (14... Nxe4 $2 15. Bb6 Qe5
16. Rd7 Bd6 17. Rxd6 $18) 15. f3 $1 {[%csl Ge4,Gf3,Gg2]} Qc6 $6 (15... Bd6 $2
16. Rxd6 Qxd6 17. Bxc5 $16) (15... Rfd8 16. Qf2 $14) 16. b3 {Weiß hat die viel
bessere Bauernstruktur - der c5P ist immer eine (potenzielle) Schwäche in der
schwarzen Stellung. Außerdem ist wegen der Bauern f3/e4 der Wirkungskreis des
b7-Läufers beschränkt.} Rfd8 17. Qf2 {[%csl Rc5][%cal Rf2c5]} Rxd1+ 18. Rxd1
Nd7 (18... Rc8 $2 19. Nxc5 Bxc5 20. Bxc5 Qxc5 21. Qxc5 Rxc5 22. Rd8+ $18) 19.
Bf1 $1 {[%csl Yc4][%cal Ga4b2,Gb2c4][%mdl 32] Bereitet das Springermanöver
Nb2-c4 vor - gewöhnlich (wenn möglich) sollte der Springer das Feld vor dem
isolierten Bauern (in unserer Partie der c5P) besetzen.} (19. Qg3 $14) 19...
Rc8 20. Nb2 (20. Rc1 $14) 20... Ne5 21. Rc1 (21. Nc4 Nxc4 22. Bxc4 $14 {
Weiß hat einen kleinen Positionsvorteil, aber in diesem Fall es ist nicht
leicht seine Stellung zu verbessern.}) 21... Qd6 22. Kh1 (22. Bf4 $5) 22... Kf8
$6 (22... h6 $2 23. Qg3 $16 {[%cal Gg3g8,Gg3d6,Re3h6]}) (22... Qd8 $14) 23. Bf4
{[%csl Re5][%cal Gf4d6] Die Fesselung des e5-Springers ist sehr unangenehm für
Schwarz.} Qb8 24. Rd1 (24. Qg3 Bd6 25. Nd3 f6 26. Bxe5 Bxe5 27. Qh3 $16 {
[%cal Rh3e6,Rh3h7]}) 24... f6 25. Qg3 Bd6 (25... Rd8 26. Nd3 $16 {[%csl Rc5,
Re5][%cal Gg3b8]}) 26. Qh3 $16 {[%cal Rh3e6,Rh3h7] Droht 26.Qxh7 und auch 26.
Qxe6. Mit dieser Doppeldrohung gewinnt Weiß einen Bauern.} Kf7 27. Bxe5 (27.
Qxh7 Rh8 28. Qxh8 Qxh8 29. Rxd6 $14) 27... fxe5 (27... Bxe5 28. Rd7+ $18) 28.
Bc4 {[%csl Re6][%cal Rc4f7,Rh3e6,Rh3h7]} Re8 29. Qxh7 {Weiß hat nun einen
klaren Bauern mehr und die schwarze Königsstellung ist schwach.} Bc8 30. Nd3
Qc7 31. f4 $18 exf4 32. e5 Bf8 (32... Bxe5 33. Qh5+ $18) 33. Nxf4 {[%csl Rf7]
[%cal Rd1f1,Rf1f7]} Rd8 (33... Qxe5 34. Rf1 $18) 34. Rf1 1-0

[Event "Metalska Trgovina CC 90"]
[Site "Ljubljana"]
[Date "2002.01.27"]
[Round "8"]
[White "Nisipeanu, Liviu Dieter"]
[Black "Volokitin, Andrei"]
[Result "1-0"]
[WhiteElo "2608"]
[BlackElo "2586"]
[Annotator "Ribli,Z"]
[PlyCount "79"]
[EventDate "2002.01.19"]
[EventType "tourn"]
[EventRounds "11"]
[EventCountry "SLO"]
[EventCategory "11"]
[SourceTitle "CBM 088"]
[Source "ChessBase"]
[SourceDate "2002.03.21"]
[SourceVersion "1"]
[SourceVersionDate "2002.03.21"]
[SourceQuality "1"]

1. e4 c5 2. Nf3 e6 3. Nc3 a6 4. d4 cxd4 5. Nxd4 Nc6 6. Be2 Nge7 {Dieser Zug
wurde seinerzeit von Taimanov in die Turnierpraxis eingeführt. Die schwarze
Idee besteht darin, den Nd4 abzutauschen und dann Nc6 zu spielen.} 7. Be3 (7.
Nb3 {Auch dieser Springerzug kommt in Betracht - jetzt kann Schwarz nicht auf
d4 nehmen.}) 7... Nxd4 8. Qxd4 b5 9. O-O-O Nc6 10. Qb6 $5 {[%mdl 4] Weiß
möchte die Damen tauschen. Das ist in Stellungen dieses Typs normalerweise
nicht besonders gefährlich für Schwarz. Hier aber hat Weiß
Entwicklungsvorsprung, und der schwarze Springer steht nicht besonders
glücklich auf c6.} (10. Qd2 Qa5 (10... Bb7 11. Bf4 Rc8 12. h4 f6 13. Rh3 Ne5
14. Rg3 Qe7 15. a3 Bc6 16. Kb1 b4 17. Nd5 exd5 18. exd5 Bb5 {0-1 Velimirovic,
D-Krnic,Z/Vrsac 1973/EXT 99 (36)}) 11. b3 Bb4 12. Kb2 Qa3+ 13. Ka1 Qa5 14. Kb2
O-O {0-1 Svensson,B-Bergstrom,C/Boras 1979/MCD (49)}) 10... Qxb6 11. Bxb6 Bb7 (
11... Bb4 $5) 12. f4 {Weiß hat Raumvorteil und eine gesunde Stellung - die
schwarzen Felder in der Stellung des Nachziehenden sind schwach.} Rc8 (12...
Bb4) 13. h4 $5 h5 $2 {Nach diesem automatischen Zug bekommt Schwarz auf Dauer
Probleme bei der Verteidigung des Ph5.} (13... b4 14. Na4 d6 15. Be3 $14 {
[%csl Yb6]}) 14. Bf3 $14 {[%csl Gf3] Weiß möchte 15.e5 ziehen und mit 16.Ne4
den positionellen Druck erhöhen.} Ne7 {Schwarz verteidigt sich gegen 15.e5.
Das wäre jetzt wegen 15...Bxf3 16.gxf3 Nf5 ganz schlecht.} 15. Rhe1 Ng6 (15...
b4 16. Na4 Ng6 17. g3 $14) 16. g3 {Alles in der weißen Stellung ist verteidigt,
der schwarze Ph5 hingegen ist schwach, und auch der Ng6 steht nicht gut.} Bc5
17. Bxc5 Rxc5 18. Re3 $1 {[%cal Ge3c3,Ge3f3][%mdl 32] Weiß verteidigt seine
Leichtfiguren - Schwarz muss nun mit 19.e5 rechnen.} (18. Rd6 $14) 18... f6 (
18... b4 19. Na4 Rc7 20. a3 $16) 19. b4 $1 {Das ist eine weitere Idee des Zugs
18.Re3! Da der Nc3 verteidigt ist, kann Weiß am Damenflügel spielen.} Rc7 20.
Kb2 Ne7 21. a4 Bc6 $6 (21... bxa4 22. Nxa4 $14 {[%csl Ga4][%cal Ga4c5]}) 22.
axb5 axb5 23. Be2 Rb7 24. Ra1 {[%csl Ga1][%cal Ga1a8]} Kf7 25. Ra5 {[%csl Rb5]
Schwarz kann nicht 25...Rb8 ziehen, weil dann der Ph5 hängt - jetzt zeigt sich
deutlich, dass der 13.Zug von Schwarz nicht gut war.} d5 26. exd5 exd5 (26...
Nxd5 27. Nxd5 exd5 28. Kc3 $16 {[%csl Yd4][%cal Gc3d4] Die Stellung ist nur
materiell ausgeglichen - Weiß steht strategisch auf Gewinn.}) 27. Nxb5 $16 {
[%cal Rb5d6,Rd6f7,Rd6b7] Weiß hat einen Bauern mehr - Schwarz hat keinerlei
Kompensation für das Material.} Nf5 (27... Bxb5 28. Rxb5 Rxb5 29. Bxb5 Rb8 30.
c4 Nf5 31. Rd3 $18) 28. Rc3 Bd7 (28... Bxb5 29. Rxb5 Rxb5 30. Bxb5 Rb8 31. Rc5
Nd6 (31... Nxg3 32. Rxd5 $18) 32. Rxd5 Nxb5 33. c4 $18 {[%csl Rb5]}) 29. Bd3 (
29. Rc5 $16) 29... Rhb8 (29... Nxg3 30. Nd6+ $18 {[%cal Rd6f7,Rd6b7]}) 30. Bxf5
Bxb5 31. Rc8 $1 Rxc8 (31... g6 32. Rxb8 Rxb8 33. Ra7+ $18) 32. Bxc8 Rb8 33.
Ra7+ Kg6 (33... Kf8 34. Be6 $18) 34. f5+ Kh6 $6 (34... Kh7 35. Be6 d4 36. c4
dxc3+ 37. Kxc3 $16) 35. Bb7 d4 (35... Bc4 36. Ra8 $1 (36. Kc3 $18 {[%cal Rd4d5,
Rc3d4]}) 36... Rxa8 37. Bxa8 $18) 36. Ra8 $1 {Damit wickelt Weiß die Partie in
ein gewonnenes Läuferendspiel ab.} Rxa8 (36... Rxb7 37. Rh8#) 37. Bxa8 $18 g6
38. Be4 Bd7 39. Kb3 gxf5 40. Bd3 {Der b-Bauer entscheidet die Partie.} 1-0

[Event "Griesheim GM"]
[Site "Griesheim"]
[Date "2002.01.30"]
[Round "8"]
[White "Schmaltz, Roland"]
[Black "Milov, Leonid"]
[Result "1-0"]
[WhiteElo "2534"]
[BlackElo "2470"]
[Annotator "Ribli,Z"]
[PlyCount "97"]
[EventDate "2002.01.23"]
[EventType "tourn"]
[EventRounds "9"]
[EventCountry "GER"]
[EventCategory "12"]
[SourceTitle "CBM 088"]
[Source "ChessBase"]
[SourceDate "2002.03.21"]
[SourceVersion "1"]
[SourceVersionDate "2002.03.21"]
[SourceQuality "1"]

1. e4 c5 2. Nf3 e6 3. d4 cxd4 4. Nxd4 Nc6 5. Nc3 Qc7 6. f4 {Dieser Zug wird
heutzutage selten gespielt. Weiß beabsichtigt mit dem Textzug, eine starke
Angriffsstellung aufzubauen.} a6 (6... Nxd4 7. Qxd4 a6 {Das ist die
Alternative aus schwarzer Sicht - hier steht die weiße Dame auf d4 etwas
exponiert.}) 7. Nxc6 bxc6 (7... Qxc6) 8. Bd3 d5 {Das ist die Hauptfortsetzung,
aber das genügsamere 8...d6 ist auch spielbar.} 9. Qe2 Nf6 10. O-O Be7 (10...
Bb4 11. Bd2 O-O 12. Rae1 Re8 13. e5 Nd7 14. Rf3 g6 15. h4 Bf8 16. h5 {1-0 De
Vreugt,D-Zichichi,A/Valle d'Aosta ITA 2002/(25)}) (10... Bb7 11. Bd2 Be7 12.
Rae1 dxe4 (12... Nd7 13. Nd1 O-O 14. Bc3 Qb6+ 15. Kh1 d4 16. Bd2 Nc5 17. Rf3
Nxd3 18. cxd3 c5 {0-1 Gallagher,J-Razuvaev,Y/Geneve 1994/TD (41)}) 13. Nxe4
Nxe4 14. Bxe4 O-O 15. Bc3 Rfe8 16. Rf3 g6 17. Qe3 Rad8 18. Rh3 Bf8 19. Bf6 Be7
20. Bc3 Bf8 21. Bf6 Be7 {1/2-1/2 Gross,D-Oral,T/CZE 1997/EXT 98 (21)}) 11. Bd2
(11. Kh1 O-O 12. Bd2 c5 13. b3 Bb7 14. e5 Nd7 15. Rae1 g6 16. f5 exf5 17. Bh6
Bh4 {0-1 De Vreugt,D-Kozakov,M/Lvov 2001/CBM 87(28)}) (11. e5 Nd7 12. Na4 c5
13. c4 d4 14. b3 Bb7 15. Bd2 g6 16. Be4 Rb8 17. Nb2 h5 18. Nd3 h4 {0-1 Reeh,
O-Loeffler,S/Wijk aan Zee 1995/EXT 98 (40)}) 11... O-O (11... Qb6+ {Dieser Zug
ist sehr riskant und scheint aus prinzipiellen Gründen nicht gut. Hier kann
Schwarz jedoch einen Bauern gewinnen.} 12. Kh1 Qxb2 13. Rab1 $44) 12. Rae1 (12.
Kh1) 12... Re8 13. Kh1 Bf8 {Weiß hat eine starke Bauernstellung im Zentrum,
aber auch die schwarze Bauernkette c6-d5-e6 ist sehr solide.} (13... c5 $2 14.
e5 Nd7 15. f5 g6 16. fxe6 fxe6 17. Bh6 Bf8 18. Qf3 {1-0 Gross,D-Borgo,G/
Budapest 1999/CBM 73/[Ribli] (23)}) (13... d4 14. Nd1 e5 15. f5 (15. fxe5 Ng4
$132) 15... c5 $13) 14. e5 {Der Textzug verschafft Weiß Raumgewinn, zugleich
schließt er aber auch die Stellung.} Nd7 15. Na4 {[%cal Gc2c4][%mdl 32] Der
Springer stand nicht besonders gut auf c3. Im Gunde ist das ein
prophylaktischer Zug, denn Weiß möchte auf 15...c5 mit 16.c4 antworten können
oder von selbst c4 spielen.} a5 (15... c5 16. c4 $14) (15... Nc5 16. Nxc5 Bxc5
17. c4 $14 {[%cal Ge1c1,Gc1c7]}) 16. Rf3 {[%cal Rf3h3,Rh3h7] Weiß möchte den
Turm nach h3 platzieren. Schwarz muss nun konkret mit 17.Bxh7 Kxh7 18.Rh3+ Kg8
19.Qh5+ rechnen.} g6 {Verstärkt die schwarze Königsstellung.} 17. c4 $14 {
Weiß steht aktiver - er hat Initiative am Königsflügel und droht jetzt, mit 18.
cxd5 cxd5 19.Rc1 die c-Linie unter seine Kontrolle zu bringen.} d4 (17... Ba6
18. Rc1 {[%cal Gc1c7]} d4 19. c5 Bxd3 20. Qxd3 $16) 18. h4 $1 {Die Schließung
des Zentrums gibt Weiß freie Hand am Königsflügel.} c5 (18... Nb6 19. Nxb6 Qxb6
20. Rb1 c5 21. h5 $36) 19. h5 Bb7 20. Rg3 (20. Be4 Bxe4 21. Qxe4 f5 $13) 20...
Bc6 21. b3 (21. Bc2 Rab8) 21... Nb6 (21... Bxa4 22. bxa4 Rab8 23. Rf1 $14) 22.
Nxb6 Qxb6 23. Qg4 {[%cal Gg3g8] Droht 24.hxg6 hxg6 25.Bxg6 mit sofortigem
Gewinn.} Ra7 {[%cal Gg7h7,Ga7h7]} 24. a4 $5 {Wieder ein prophylaktischer Zug -
Weiß unterbindet damit schwarzes Gegenspiel durch 24...a4.} Ree7 (24... Qxb3 $2
25. hxg6 hxg6 26. Bxg6 $18) 25. Kh2 {Weiß verbessert seine Königsstellung. Er
muss sich nicht beeilen, denn Schwarz hat praktisch kein Gegenspiel.} Be8 26.
Rh3 Reb7 27. Rb1 (27. Be4 Rb8 $16 (27... Bc6 28. hxg6 hxg6 29. Bxc6 Qxc6 30.
Qh4 Bg7 31. Qd8+ Bf8 32. Rh8+ Kxh8 33. Qxf8+ Kh7 34. Rh1 $18 {[%csl Rh7]}))
27... Ra6 28. Be1 {[%cal Ge1h4,Gh4f6] Weiß hat dauerhafte Initiative am
Königsflügel. Die positionelle Drohung besteht im Eindringen des Läufers nach
f6.} Qd8 29. Be4 (29. Bh4 Be7) 29... Rba7 (29... Bc6 30. hxg6 hxg6 31. Bxc6
Rxc6 32. Qf3 $1 {[%cal Rf3b7]} Qd7 33. Bxa5 $16) 30. Rd1 Kg7 31. Rdd3 $16 {
[%mdl 128] Weiß hat sehr starken Angriff, alle Figuren sind am Sturm gegen den
schwarzen König beteiligt.} Kg8 32. Kg1 Kg7 33. Rh2 {[%cal Gd3h3]} Kg8 {
In den letzten vier Zügen spielte Schwarz nur Kg8-Kg7, ein klares Zeichen
dafür, dass er hier nur warten kann.} 34. Rdh3 {[%csl Gh2,Gh3][%cal Rh2h8]} f5
$8 {Egal, ob das nun gut oder schlecht ist, Schwarz muss so spielen, sonst
entscheiden die weißen Türme die Partie.} 35. exf6 Qxf6 36. Bh4 Qg7 (36... Qf7
$2 37. hxg6 hxg6 38. Be7 $18) 37. Rg3 {Es droht einfach Bauerngewinn auf g6.}
gxh5 38. Qf3 Bg6 39. Qd3 {[%csl Rg6][%cal Rg3g8]} Kf7 40. Rhh3 (40. f5 $6 exf5
41. Bd5+ (41. Bxf5 Bd6 $13) 41... Ke8 $13) 40... Be7 (40... Bd6 41. Rxg6 (41.
Rg5 $18) 41... hxg6 42. Rg3 Bxf4 43. Rxg6 $44) 41. Bxe7 Rxe7 42. Rg5 {[%cal
Rh3g3,Rg3g7,Rg5c5]} Qf6 43. Rxc5 {Weiß hat die viel bessere Bauernstellung und
entscheidenden Angriff am Königsflügel.} Kg7 44. Rg3 Kh6 45. Rcg5 Rg7 (45...
Bxe4 46. Qxe4 $18) 46. Qd2 $1 $18 {[%cal Gd2h6] Droht 47.f5 mit sofortigem
Gewinn.} Bxe4 47. Rxh5+ Kxh5 48. Qe2+ Kh6 (48... Kh4 49. Rh3#) 49. Rh3+ (49.
Rh3+ Kg6 50. Qh5#) 1-0